000 00636nam a2200169 a 4500
001 BRCA_1282
005 20190320203348.0
008 190508s2008----sp-a---###---#000-0#spa-#
050 4 _aND1432.E7
_b.D48 2008
245 1 0 _aDevociones y rescates
_bpintura religiosa antigua y contemporánea.
260 _aTenerife
_bArtizar : Gobierno de Canarias
_c2008
300 _a1 v. (sin paginación)
_bil. a color
_c22 cm.
500 _aEn la portada : ´Antonio Angel Ayala Oliva, in memorian´
610 2 4 _aEstudio Artizar
_xColecciones de pintura
_94211
650 1 4 _aPintura religiosa
_ySiglos XIX y XX
_zCanarias, España
_94212
942 _2lcc
_cB
999 _c1151
_d1151